| 000 | 01361nam a2200337 ia4500 | ||
|---|---|---|---|
| 003 | OSt | ||
| 005 | 20260525104803.0 | ||
| 008 | 260521t20252025nyuoab br 001 0 eng d | ||
| 020 |
_a9781510566989 _cRM137.50 _qhardback |
||
| 040 |
_aPPAK _beng _cPPAK _erda |
||
| 082 | 0 | 4 |
_a530 _223 |
| 090 | 0 | 0 |
_a530 _bOGD _dK |
| 100 | 1 |
_aOgden, Lesley Evans, _eauthor. |
|
| 245 | 1 | 0 |
_aFORCES and MOTION / _cLESLEY EVANS OGDEN |
| 264 | 1 |
_aNew York : _bLightbox Learning Inc., _c[2025?] |
|
| 264 | 4 | _c©2025 | |
| 300 |
_a24 pages : _bcolour photographs, colour illustrations, colour maps ; _c26 cm |
||
| 336 |
_atext _2rdacontent |
||
| 337 |
_aunmediated _2rdamedia |
||
| 338 |
_avolume _2rdacarrier |
||
| 490 | 1 | _aTHE BEGINNER'S GUIDE TO PHYSICS | |
| 500 | _aIncludes index. | ||
| 520 | _aForce refers to the action of pushing or pulling something. Forces can cause objects to move, face a different direction, or change shape. An object's change in position is called motion. Find out more in Forces and Motion, a title in The Beginner's Guide to Physics. | ||
| 521 | _aAges 8-11. | ||
| 650 | 1 | 0 |
_aForce and energy _vJuvenile literature |
| 650 | 2 | 0 |
_aMotion _vJuvenile literature |
| 650 | 2 | 0 |
_aPhysics _vJuvenile literature |
| 650 | 2 | 0 | _aScience for children |
| 830 | 0 | _aThe beginner's guide to Physics | |
| 942 |
_2ddc _cB |
||
| 999 |
_c204409 _d204409 |
||